| 000 | 00377nam a2200133Ia 4500 | ||
|---|---|---|---|
| 008 | 220217s9999||||xx |||||||||||||| ||und|| | ||
| 020 | _a08-4930-232-3 | ||
| 082 | _a621.402 WON | ||
| 100 |
_aWong, Kau-Fui Vincent _97522 |
||
| 245 | 0 | _aThermodynamics for engineers | |
| 260 |
_aCRC press _bNew Delhi _c2000 |
||
| 300 |
_a370p.;28cm _b395 |
||
| 650 |
_aThermodynamics _96541 |
||
| 999 |
_c181124 _d181124 |
||